[Event "AUTO-INT-723"]
[Site "http://www.queenalice.com/game.php?id=395960"]
[Date "2008.4.30"]
[Round "2"]
[White "QueenMalice"]
[Black "morfeo"]
[Result "0-1"]
[WhiteElo "1516"]
[BlackElo "1459"]

1. e4 e5 2. b3 Qf6 3. Bb2 Nc6 4. Bb5 Bc5 5. Nf3 Nh6 6. O-O g5 7. h3 g4 8. hxg4
Nxg4 9. d4 exd4 10. Bxd4 Nxd4 11. Be2 h5 12. e5 Qf4 13. Nxd4 Qh2# 0-1

[Event "AUTO-INT-723"]
[Site "http://www.queenalice.com/game.php?id=395961"]
[Date "2008.4.30"]
[Round "2"]
[White "morfeo"]
[Black "QueenMalice"]
[Result "1-0"]
[WhiteElo "1589"]
[BlackElo "1468"]

1. e4 e5 2. Nf3 Qf6 3. Nc3 Nc6 4. Nd5 Qd6 5. Nh4 f6 6. Nf5 Qc5 7. Nxc7+ Kd8 8.
Nxa8 d5 9. d3 d4 10. Qd2 Bxf5 11. exf5 Bd6 12. g3 Nge7 13. a3 Nxf5 14. Qd1 Kc8
15. Qg4 g6 16. Bh3 Ne7 17. Bh6 Qxc2 18. Rc1 Qxc1+ 19. Bxc1 Kb8 20. Qe4 Ng7 21.
Bh6 Ngf5 22. Bg2 Kc8 23. Qxb7+ Kd8 24. Bd2 g5 25. Qxa7 Nc8 26. Ba5+ Ke8 27. Bc6+
1-0

[Event "AUTO-INT-723"]
[Site "http://www.queenalice.com/game.php?id=395964"]
[Date "2008.4.30"]
[Round "2"]
[White "morfeo"]
[Black "joaoreis001"]
[Result "1-0"]
[WhiteElo "1569"]
[BlackElo "1668"]

1. e4 e5 2. Bc4 Nf6 3. Nc3 Bc5 4. Nh3 d6 5. Ng5 O-O 6. Nb5 Bg4 7. f3 Bd7 8. Nc3
Nc6 9. a4 Nb4 10. Nd5 Nbxd5 11. exd5 h6 12. Nh3 Bxh3 13. gxh3 c6 14. a5 cxd5 15.
d4 Bb4+ 16. Bd2 Bxd2+ 17. Qxd2 dxc4 18. Rg1 e4 19. Qg2 Nh5 20. Qg4 Qg5 21. Qxg5
hxg5 22. fxe4 f6 23. Kd2 Nf4 24. Rg3 Rae8 25. a6 b6 26. Re1 d5 27. exd5 Nxd5 28.
Rg4 Rxe1 29. Kxe1 Re8+ 30. Kf2 Ne3 31. Rg1 Nxc2 32. d5 Nb4 33. d6 1-0

[Event "AUTO-INT-723"]
[Site "http://www.queenalice.com/game.php?id=395965"]
[Date "2008.4.30"]
[Round "2"]
[White "joaoreis001"]
[Black "morfeo"]
[Result "1-0"]
[WhiteElo "1669"]
[BlackElo "1502"]

1. Nf3 f6 2. g3 Nh6 3. d3 b6 4. Bg2 Nc6 5. Bxh6 gxh6 6. e3 d6 7. O-O Ba6 8. Nd4
Nxd4 9. exd4 d5 10. c4 Qd7 11. Nc3 c6 12. cxd5 cxd5 13. Nxd5 Qc6 14. Nb4 Qc8 15.
Bxa8 Bb5 16. Bd5 e6 17. Bxe6 Qxe6 18. Re1 Qe7 19. Qh5+ Kd7 20. Rxe7+ Bxe7 21.
Qxb5+ Kd8 22. Nc6+ Kd7 23. Nxa7+ Ke6 24. d5+ Kf7 25. Qxb6 Rg8 26. Qe6+ Kf8 27.
Re1 Rg7 28. d6 Bd8 29. Qe8# 1-0

[Event "Challenge"]
[Site "http://www.queenalice.com/game.php?id=427008"]
[Date "2008.7.3"]
[Round "-"]
[White "flaviovieira"]
[Black "morfeo"]
[Result "0-1"]
[WhiteElo "1729"]
[BlackElo "1477"]

1. e4 e5 2. Nf3 Qf6 3. d3 Nc6 4. Bg5 Qe6 5. Be2 h6 6. Bh4 f6 7. O-O g5 8. Bg3 h5
9. h3 h4 10. Bh2 Bb4 11. a3 g4 12. hxg4 h3 13. g3 d5 14. axb4 Nh6 15. exd5 Qxd5
16. Nfd2 Qg2# 0-1

[Event "revacha!"]
[Site "http://www.queenalice.com/game.php?id=451732"]
[Date "2008.8.21"]
[Round "-"]
[White "AgustinV"]
[Black "morfeo"]
[Result "0-1"]
[WhiteElo "1460"]
[BlackElo "1511"]

1. d4 e6 2. Nf3 Nf6 3. Bg5 h6 4. Bxf6 Qxf6 5. Nc3 Nc6 6. a3 g5 7. g4 Bg7 8. e3
d6 9. Bb5 e5 10. d5 Bxg4 11. dxc6 O-O-O 12. cxb7+ Kxb7 13. Qd5+ Kb8 14. Be2 Qf5
15. O-O-O Rc8 16. Nd4 Qxf2 17. Bxg4 Qxe3+ 18. Kb1 exd4 19. Bf3 c6 20. Qxd6+ Rc7
21. Qb4+ Ka8 22. Nd5 Qe5 23. Nxc7+ Qxc7 24. c3 Rb8 25. Qc4 Rb6 26. cxd4 a6 27.
d5 Qe5 28. b4 Qb2# 0-1

[Event "AUTO-OPEN-1237"]
[Site "http://www.queenalice.com/game.php?id=452072"]
[Date "2008.8.22"]
[Round "1"]
[White "morfeo"]
[Black "superrating"]
[Result "0-1"]
[WhiteElo "1569"]
[BlackElo "1560"]

1. e4 e5 2. Bc4 Nc6 3. Qf3 Nf6 4. d3 Nd4 5. Qd1 Bc5 6. Nf3 d6 7. b3 Bg4 8. Nc3
Nxf3+ 9. gxf3 Bd4 10. Bb2 Bh5 11. Qe2 Qd7 12. h3 Bxc3+ 13. Bxc3 O-O-O 14. Qe3 c5
15. Rg1 Qxh3 16. Rg3 Qh1+ 17. Ke2 Qh4 18. Rxg7 Ne8 19. Rxf7 Bxf7 20. Bxf7 Rd7
21. Be6 Nf6 22. Ba5 b6 23. Bc3 Kc7 24. d4 Re7 25. d5 Nh5 26. Qh6 Nf4+ 27. Qxf4
Qxf4 28. Bd2 Qf6 29. Rg1 Rg7 30. Rh1 Re7 31. Bf5 Rg7 32. Rh6 Rg6 33. Rh5 h6 34.
a4 Rg5 35. Bxg5 hxg5 36. Rxh8 Qxh8 37. c3 Qh1 38. f4 gxf4 39. b4 Qa1 40. a5 Qxc3
41. bxc5 Qxc5 42. axb6+ axb6 43. Kf3 b5 0-1

[Event "AUTO-OPEN-1237"]
[Site "http://www.queenalice.com/game.php?id=452073"]
[Date "2008.8.22"]
[Round "1"]
[White "superrating"]
[Black "morfeo"]
[Result "0-1"]
[WhiteElo "1591"]
[BlackElo "1549"]

1. d4 e6 2. c4 Na6 3. Nc3 Nb4 4. e4 d5 5. cxd5 exd5 6. exd5 Nxd5 7. Nxd5 Qxd5 8.
Qe2+ Ne7 9. Qb5+ Qc6 10. Qxc6+ bxc6 11. Be3 Nd5 12. O-O-O Bd6 13. Bc4 Nb4 14. a3
Nd5 15. Nf3 Nxe3 16. fxe3 c5 17. Rhf1 Bg4 18. h3 Bh5 19. g4 Bg6 20. dxc5 Bxc5
21. Rfe1 O-O 22. Ne5 Rae8 23. Nxg6 hxg6 24. b4 Bxe3+ 25. Kc2 Re4 26. Kd3 Rfe8
27. Rf1 R8e7 28. Bxf7+ Rxf7 29. Kxe4 Re7+ 30. Kf3 Kh7 31. Rfe1 Bg5 32. Rxe7 Bxe7
33. Rd7 Bd6 34. g5 a6 35. Ke4 Kg8 36. Kd5 Bf4 37. h4 Bg3 38. Kc6 Bxh4 39. Rxc7
Bxg5 40. Kb6 Bd8 41. a4 g5 42. Kb7 Bxc7 43. Kxc7 g4 0-1

[Event "AUTO-OPEN-1237"]
[Site "http://www.queenalice.com/game.php?id=452074"]
[Date "2008.8.22"]
[Round "1"]
[White "morfeo"]
[Black "neofito"]
[Result "0-1"]
[WhiteElo "1573"]
[BlackElo "1753"]

1. e4 c5 2. Nh3 d6 3. Qf3 Nc6 4. Bc4 e6 5. d3 Nd4 6. Qd1 Nf6 7. c3 Nc6 8. Qa4 a6
9. Nd2 b5 10. Bxb5 Bd7 11. Bxc6 Ra7 12. Nc4 Be7 13. Ng5 O-O 14. Na5 Ng4 15. e5
Nxe5 16. Qe4 Bxg5 17. h4 Bxc1 18. Rxc1 Qxa5 19. b4 cxb4 20. h5 Bxc6 21. Qd4 Qa3
22. Rc2 Bxg2 23. Rh2 Nf3+ 24. Ke2 Nxd4+ 25. cxd4 Bd5 26. f3 Bxa2 0-1

[Event "AUTO-OPEN-1237"]
[Site "http://www.queenalice.com/game.php?id=452075"]
[Date "2008.8.22"]
[Round "1"]
[White "neofito"]
[Black "morfeo"]
[Result "1-0"]
[WhiteElo "1741"]
[BlackElo "1573"]

1. e4 e5 2. Nf3 Qf6 3. d4 Nc6 4. Be3 d6 5. Nbd2 Nh6 6. Nc4 Be6 7. d5 Bg4 8. dxc6
bxc6 9. Be2 d5 10. Ncd2 d4 11. Bg5 Qd6 12. Nc4 Qb4+ 13. c3 Qb5 14. Ncxe5 Qxb2
15. cxd4 f6 16. Nxg4 Nxg4 17. Bf4 Rb8 18. O-O c5 19. dxc5 Bxc5 20. Bxc7 Rc8 21.
Bf4 O-O 22. Qd5+ Rf7 23. Bc4 h5 24. Qxf7+ Kh8 25. Qxh5+ Nh6 26. Bxh6 g6 27. Qxg6
1-0

[Event "AUTO-OPEN-1237"]
[Site "http://www.queenalice.com/game.php?id=452076"]
[Date "2008.8.22"]
[Round "1"]
[White "morfeo"]
[Black "Soncini"]
[Result "0-1"]
[WhiteElo "1554"]
[BlackElo "1819"]

1. e4 e5 2. Nc3 c6 3. Nf3 d6 4. b3 Nf6 5. g3 Bg4 6. Bg2 Nbd7 7. O-O Be7 8. h3
Bh5 9. Ba3 Bg6 10. d3 Qa5 11. Bb2 h5 12. a4 Ng8 13. h4 f5 14. Ng5 Bxg5 15. hxg5
Ne7 16. Qd2 fxe4 17. dxe4 d5 18. Ba3 d4 19. b4 Qc7 20. Nd1 b5 21. c3 dxc3 22.
Nxc3 bxa4 23. Nxa4 O-O 24. Bh3 Rfd8 25. Qe2 Nc8 26. Qf3 Ncb6 27. Be6+ Kh8 28.
Nc5 Rf8 29. Qh1 Nxc5 30. bxc5 Qe7 31. cxb6 Qxe6 32. bxa7 Rf7 0-1

[Event "AUTO-OPEN-1237"]
[Site "http://www.queenalice.com/game.php?id=452077"]
[Date "2008.8.22"]
[Round "1"]
[White "Soncini"]
[Black "morfeo"]
[Result "1-0"]
[WhiteElo "1824"]
[BlackElo "1549"]

1. e4 e5 2. Nc3 Nc6 3. Nd5 Nf6 4. d3 Bd6 5. Bg5 Nd4 6. c3 Ne6 7. Bxf6 gxf6 8.
Qf3 Be7 9. Ne2 c6 10. Nxe7 Qxe7 11. Ng3 d6 12. Nh5 Ng5 13. Qxf6 Qxf6 14. Nxf6+
Ke7 15. Nh5 Rg8 16. h4 Ne6 17. g3 Nc5 18. Be2 d5 19. b4 Na4 20. Kd2 Bg4 21. Bxg4
Rxg4 22. f3 Rg6 23. exd5 cxd5 24. c4 Rc8 25. c5 d4 26. Rhe1 f6 27. g4 b6 28.
cxb6 axb6 29. Nf4 Rh6 30. h5 Kd6 31. Ne2 Kd5 32. Rec1 1-0

[Event "una partida"]
[Site "http://www.queenalice.com/game.php?id=452401"]
[Date "2008.8.23"]
[Round "-"]
[White "Nica_Pinica"]
[Black "morfeo"]
[Result "0-1"]
[WhiteElo "926"]
[BlackElo "1567"]

1. d4 e6 2. e4 Nf6 3. f3 Nc6 4. c3 Nh5 5. g4 Qh4+ 6. Kd2 Nf4 7. a4 Qf2+ 8. Be2
b6 9. c4 Bb4+ 10. Kc2 Ba6 11. Bxf4 d6 12. Kb3 Ba5 13. Nh3 Qh4 14. Nf2 Qf6 15. h4
Qxf4 16. Nd3 Nxd4+ 17. Ka3 Qf6 18. Bf1 Bxc4 19. Qc1 d5 20. Nc3 Qe7+ 21. b4 Nb3
22. Qb2 Rb8 23. Nc1 Nd2 24. Nb5 Nxf1 25. Qxg7 Qxb4# 0-1

[Event "Challenge"]
[Site "http://www.queenalice.com/game.php?id=464233"]
[Date "2008.9.16"]
[Round "-"]
[White "morfeo"]
[Black "Nica_Pinica"]
[Result "1-0"]
[WhiteElo "1600"]
[BlackElo "1062"]

1. e4 Nf6 2. Qf3 Nc6 3. Nc3 e6 4. Nh3 d6 5. Ng5 Be7 6. b3 Bd7 7. Be2 Nd4 8. Qd3
Nc6 9. h3 Ne5 10. Qe3 O-O 11. Bb2 h6 12. h4 Nh5 13. Bxh5 hxg5 14. hxg5 c6 15.
Qh3 Bxg5 16. f4 Bxf4 17. Bg4 Qg5 18. Qh8# 1-0

[Event "Challenge"]
[Site "http://www.queenalice.com/game.php?id=471522"]
[Date "2008.10.2"]
[Round "-"]
[White "Mahalael"]
[Black "morfeo"]
[Result "1-0"]
[WhiteElo "1537"]
[BlackElo "1573"]

1. e4 e5 2. Nf3 Nc6 3. Bc4 Qf6 4. Nc3 Bc5 5. Nd5 Qd6 6. Ng5 Nf6 7. Qf3 Nd4 8.
Qh3 Nxc2+ 9. Kd1 Nxa1 10. Qf3 O-O 11. Qh3 h6 12. Nxf6+ 1-0